000 00538nam a22001697a 4500
008 140603b xxu||||| |||| 00| 0 eng d
020 _a9780192853608
050 _aHV4708.D43 2002
100 _aDeGrazia,David
_910551
245 _aAnimal rights
_ba very short introduction
_cDavid DeGrazia
260 _aUnited States
_bOxford University Press
_c2002
300 _a131p.;
_c17cm.
650 _aAnimal Rights
_910552
650 _2Animal Welfare
_xMoral aspects
_910553
650 _aAnimal psychology
_910554
942 _2lcc
_cMONOGRAPH
999 _c120599
_d120599